[Event "Vaujany op-A 8th"]
[Site "Vaujany"]
[Date "2017.07.21"]
[Round "9.15"]
[White "Ratsma, Rosa"]
[Black "Degeorges, Mathis"]
[Result "1-0"]
[WhiteElo "2194"]
[BlackElo "2061"]
[PlyCount "59"]
[EventDate "2017.07.13"]
[EventType "swiss"]
[EventRounds "9"]
[EventCountry "FRA"]
[SourceTitle "EXT 2020"]
[Source "ChessBase"]
[SourceDate "2019.10.17"]
[SourceVersion "1"]
[SourceVersionDate "2019.10.17"]
[SourceQuality "1"]

1. e4 e5 2. Nf3 Nc6 3. Bb5 a6 4. Ba4 Nf6 5. 0-0 b5 6. Bb3 Bc5 7. a4 Rb8 8. Nxe5 Nxe5 9. d4 Bxd4 10. Qxd4 d6 11. f4 Nc6 12. Qc3 Ne7 13. Qd3 0-0 14. Nc3 c5 15. axb5 axb5 16. Nxb5 Nxe4 17. Qxe4 Rxb5 18. Ra7 c4 19. Bxc4 d5 20. Rd1 Rb7 21. Rxb7 Bxb7 22. Qe5 Re8 23. Bd3 Ng6 24. Qd4 Qh4 25. Rf1 h5 26. Bd2 Qg4 27. h3 Qe6 28. f5 Qe5 29. Qb4 Rb8 30. fxg6 1-0

[Event "Vaujany op-A 8th"]
[Site "Vaujany"]
[Date "2017.07.17"]
[Round "5.12"]
[White "Joie, Sebastien"]
[Black "Degeorges, Mathis"]
[Result "0-1"]
[WhiteElo "2376"]
[BlackElo "2061"]
[PlyCount "70"]
[EventDate "2017.07.13"]
[EventType "swiss"]
[EventRounds "9"]
[EventCountry "FRA"]
[SourceTitle "EXT 2020"]
[Source "ChessBase"]
[SourceDate "2019.10.17"]
[SourceVersion "1"]
[SourceVersionDate "2019.10.17"]
[SourceQuality "1"]

1. Nf3 c5 2. e4 e6 3. d4 cxd4 4. Nxd4 Nf6 5. Nc3 Bb4 6. Be2 Nxe4 7. 0-0 Nxc3 8. bxc3 Be7 9. Nb5 d6 10. Ba3 d5 11. Qd4 0-0 12. Bxe7 Qxe7 13. Nxa7 Nc6 14. Nxc6 bxc6 15. f4 Ba6 16. Bd3 Qa7 17. Rfb1 Qxd4+ 18. cxd4 Bxd3 19. cxd3 Ra3 20. Rb6 Rfa8 21. Rxc6 g6 22. Kf2 Rxd3 23. a4 Rxd4 24. a5 Rxf4+ 25. Ke3 Rb4 26. a6 Ra7 27. Kd3 Kf8 28. Kc3 Rb5 29. Kd4 Ke7 30. Rac1 Kd7 31. Ke5 Ra5 32. Rd6+ Ke7 33. Rb6 Ra4 34. Rb7+ Rxb7 35. axb7 f6# 0-1

[Event "Vaujany op-A 8th"]
[Site "Vaujany"]
[Date "2017.07.15"]
[Round "3"]
[White "Godart, Francois"]
[Black "Degeorges, Mathis"]
[Result "1-0"]
[WhiteElo "2411"]
[BlackElo "2061"]
[PlyCount "61"]
[EventDate "2017.07.13"]
[EventType "swiss"]
[EventRounds "9"]
[EventCountry "FRA"]
[SourceTitle "EXT 2018"]
[Source "ChessBase"]
[SourceDate "2017.10.13"]
[SourceVersion "1"]
[SourceVersionDate "2017.10.13"]
[SourceQuality "1"]

1. d4 Nf6 2. Nf3 c5 3. d5 b5 4. c4 g6 5. cxb5 a6 6. bxa6 Bxa6 7. Nc3 d6 8. e4 Bxf1 9. Kxf1 Bg7 10. g3 0-0 11. Kg2 Nbd7 12. a4 Ra6 13. Ra3 Qa8 14. b3 Rb8 15. Qe2 Rb4 16. Nd2 e6 17. dxe6 fxe6 18. Nb5 Ne8 19. f3 Qc6 20. Rd1 Ra8 21. Nc4 d5 22. exd5 exd5 23. Ne3 Nef6 24. Nc2 Re8 25. Qf1 d4 26. Nxb4 cxb4 27. Nxd4 Qc3 28. Ra2 Nd5 29. Rc2 Ne3+ 30. Bxe3 Qxe3 31. Re2 1-0

[Event "Vaujany op-A 8th"]
[Site "Vaujany"]
[Date "2017.07.13"]
[Round "1"]
[White "Brunner, Nicolas"]
[Black "Degeorges, Mathis"]
[Result "1-0"]
[WhiteElo "2480"]
[BlackElo "2061"]
[PlyCount "49"]
[EventDate "2017.07.13"]
[EventType "swiss"]
[EventRounds "9"]
[EventCountry "FRA"]
[SourceTitle "EXT 2018"]
[Source "ChessBase"]
[SourceDate "2017.10.13"]
[SourceVersion "1"]
[SourceVersionDate "2017.10.13"]
[SourceQuality "1"]

1. d4 Nf6 2. c4 c5 3. d5 b5 4. cxb5 a6 5. bxa6 g6 6. Nc3 Bxa6 7. e4 Bxf1 8. Kxf1 d6 9. Nf3 Nbd7 10. g3 Bg7 11. Kg2 0-0 12. a4 Ng4 13. Qe2 Nb6 14. Nd2 Qc8 15. a5 c4 16. Ra3 Bd4 17. Nf3 Bc5 18. axb6 Rxa3 19. bxa3 Nxf2 20. Be3 Nxh1 21. Nd4 Bxd4 22. Bxd4 f5 23. exf5 Qxf5 24. Qe6+ Qxe6 25. dxe6 1-0

[Event "FRA-ch U16"]
[Site "Gonfreville"]
[Date "2016.04.11"]
[Round "3"]
[White "Meunier Pion, Jean"]
[Black "Degeorges, Mathis"]
[Result "1/2-1/2"]
[WhiteElo "2142"]
[BlackElo "1944"]
[PlyCount "160"]
[EventDate "2016.04.22"]
[EventType "swiss"]
[EventRounds "9"]
[EventCountry "FRA"]
[SourceTitle "EXT 2022"]
[Source "ChessBase"]
[SourceDate "2021.10.06"]
[SourceVersion "1"]
[SourceVersionDate "2021.10.06"]
[SourceQuality "1"]

1. e4 e5 2. Nf3 Nc6 3. d4 exd4 4. Nxd4 Bc5 5. Be3 Qf6 6. c3 Qg6 7. Nd2 Nf6 8. Qe2 Ng4 9. g3 Nxe3 10. Qxe3 0-0 11. Bg2 Re8 12. 0-0 d5 13. Qd3 Nxd4 14. cxd4 Bb6 15. Rfe1 Be6 16. Nb3 Rad8 17. Rad1 dxe4 18. Bxe4 Qf6 19. Qf3 Qxf3 20. Bxf3 Bxb3 21. Rxe8+ Rxe8 22. axb3 Rd8 23. d5 Bc5 24. Rc1 Bd6 25. h4 g6 26. g4 Kg7 27. Re1 h6 28. Ra1 a6 29. Re1 Kf8 30. Kg2 Kg7 31. Kf1 Kf6 32. Re2 b6 33. Re4 a5 34. Re2 Bb4 35. Bg2 Bd6 36. Re4 g5 37. h5 Be5 38. Rc4 Bd6 39. Re4 Be5 40. Re2 Bd6 41. Re3 Bf4 42. Re2 Bd6 43. Be4 Re8 44. Ke1 Bb4+ 45. Kd1 Rd8 46. Kc2 Bd6 47. Kd3 Re8 48. Kc4 Re7 49. Re3 Bc5 50. Rf3+ Kg7 51. Kd3 Bd6 52. Re3 Bc5 53. Re2 Bd6 54. Kc4 Bc5 55. f3 Bd6 56. Kb5 Kf6 57. Kc6 Kg7 58. Rc2 Kf6 59. Rc3 Kg7 60. Kb7 Kf6 61. Kc8 Ke5 62. Kd8 Kf6 63. Rc6 Ke5 64. Rc2 Kf6 65. Rc1 Ke5 66. Rc6 Kf6 67. b4 axb4 68. b3 Ke5 69. Rc2 Kf6 70. Re2 Kg7 71. Ra2 Kf8 72. Kc8 Kg7 73. Kb7 Kf6 74. Ra8 Kg7 75. Kc6 Bf4 76. Rd8 Be5 77. Kb5 Bd6 78. Kc4 Bc5 79. Kb5 Bd6 80. Kc4 Bc5 1/2-1/2

[Event "FRA-ch op"]
[Site "Nimes"]
[Date "2014.08.25"]
[Round "8"]
[White "Degeorges, Mathis"]
[Black "Pichon, Julien"]
[Result "1/2-1/2"]
[WhiteElo "1677"]
[BlackElo "1746"]
[PlyCount "70"]
[EventDate "2014.08.17"]
[EventType "swiss"]
[EventRounds "11"]
[EventCountry "FRA"]
[SourceTitle "EXT 2015"]
[Source "ChessBase"]
[SourceDate "2014.11.20"]
[SourceVersion "1"]
[SourceVersionDate "2014.11.20"]
[SourceQuality "1"]

1. d4 Nf6 2. c4 g6 3. Nc3 d5 4. Nf3 Bg7 5. e3 0-0 6. Be2 c6 7. 0-0 Nbd7 8. cxd5 Nxd5 9. Nxd5 cxd5 10. Qb3 Nf6 11. Bd2 Bd7 12. Qxb7 Rb8 13. Qxa7 Rxb2 14. Rfb1 Qb8 15. Qxb8 Rfxb8 16. Bd3 Ne4 17. Be1 Ba4 18. Bxe4 dxe4 19. Nd2 f5 20. Nb3 Rc2 21. Nc5 Rxb1 22. Rxb1 Rxa2 23. Nxa4 Rxa4 24. Rb4 Rxb4 25. Bxb4 e5 26. dxe5 Bxe5 27. Kf1 Kf7 28. h3 Ke6 29. Ke2 Kd5 30. Kd2 Kc4 31. Ba5 Bf6 32. Kc2 Be5 33. Kd2 Bf6 34. Kc2 Be5 35. Kd2 Bf6 1/2-1/2

[Event "FRA-ch op"]
[Site "Nimes"]
[Date "2014.08.21"]
[Round "3"]
[White "Gardet, Thomas"]
[Black "Degeorges, Mathis"]
[Result "0-1"]
[WhiteElo "1730"]
[BlackElo "1677"]
[PlyCount "108"]
[EventDate "2014.08.17"]
[EventType "swiss"]
[EventRounds "11"]
[EventCountry "FRA"]
[SourceTitle "EXT 2015"]
[Source "ChessBase"]
[SourceDate "2014.11.20"]
[SourceVersion "1"]
[SourceVersionDate "2014.11.20"]
[SourceQuality "1"]

1. e4 e6 2. d4 d5 3. Nc3 Nf6 4. Bg5 Bb4 5. e5 h6 6. Bd2 Bxc3 7. bxc3 Ne4 8. Qg4 g6 9. Bc1 c5 10. dxc5 Qa5 11. Ne2 Qxc5 12. Be3 Qa3 13. Bc1 Qc5 14. Qf4 Nxc3 15. Bd2 Ne4 16. Be3 Qa5+ 17. c3 Nc6 18. h4 Nc5 19. Bxc5 Qxc5 20. Rh3 Qe7 21. Nd4 Nxd4 22. Qxd4 Bd7 23. Rb1 Bc6 24. h5 g5 25. c4 Qd8 26. Qc5 Qc7 27. Re3 Qe7 28. Qd4 Qd7 29. Ra3 dxc4 30. Qxc4 Qd5 31. Qe2 Qc5 32. Qe3 Qxe3+ 33. Rxe3 Ke7 34. f3 Rhd8 35. Bb5 Bxb5 36. Rxb5 b6 37. a4 Rab8 38. a5 bxa5 39. Rxa5 Rb1+ 40. Ke2 Rb2+ 41. Ke1 Rxg2 42. Rxa7+ Rd7 43. Ra8 Rb7 44. Kf1 Rh2 45. Kg1 Rxh5 46. Rd3 g4 47. f4 Rf5 48. Rdd8 Rxf4 49. Rf8 Kd7 50. Rad8+ Kc7 51. Rde8 Rb5 52. Rxe6 fxe6 53. Rxf4 Rxe5 54. Rxg4 Rg5 0-1